| 000 | 00999cab a2200289 4500 | ||
|---|---|---|---|
| 001 | ABS49905 | ||
| 008 | 090401t1994 xxu||||| |||| 00| 0 eng d | ||
| 035 | _a(Sirsi) u73278 | ||
| 041 | _aeng | ||
| 100 | _aJones, G.W. | ||
| 245 | _aPerformance guarantees of construction contracts : surety bonds compared to letters of credit as vehicles to guarantee performance | ||
| 260 | _c1994 | ||
| 350 | _a0 | ||
| 490 |
_aInternational Construction Law Review _v11(1) January 1994, 3-24(12) |
||
| 520 | _aCompares the use of surety bonds and letters of credit as mesures to guarantee performance in the USA construction industry. | ||
| 650 | _aCONSTRUCTION DISPUTES | ||
| 650 | _aCONTRACT CLAIMS | ||
| 650 | _aLETTERS OF CREDIT | ||
| 650 | _aPERFORMANCE BONDS | ||
| 650 | _aSURETY BONDS | ||
| 650 | _aSURETY PERFORMANCE BONDS | ||
| 650 | _aUNITED STATES | ||
| 690 | _aBUILT ENVIRONMENT-BUILDING CONTRACT FORMS | ||
| 690 | _aOVERSEAS-NORTH AMERICA | ||
| 942 | _n0 | ||
| 948 | _c04/03/1997 | ||
| 999 |
_c46341 _d46341 |
||